Statistics for Top 15 Countries with Covid-19 Cases - 17 June

Click here to take the quiz!

General Stats

  • This quiz has been taken 12 times
  • The average score is 17 of 27

Answer Stats

country% Correct
United States
100%
India
91%
Russia
91%
United Kingdom
91%
Brazil
82%
France
82%
Italy
82%
Mexico
82%
Pakistan
82%
Germany
73%
Peru
73%
Spain
73%
Sweden
73%
Chile
64%
Chile
64%
Iran
64%
Ireland
64%
Belgium
55%
Qatar
55%
Turkey
55%
Bahrain
45%
Belarus
45%
Armenia
36%
Kuwait
36%
Singapore
36%
Oman
27%
Panama
27%

Score Distribution

Percentile by Number Answered

Percent of People with Each Score

Your Score History

You have not taken this quiz